Flaggen diverser Überseegebiete uns was auch immer - Statistiken

Allgemein
  • Dieses Quiz wurde 25 mal gespielt
  • Das Durchschnittsergebnis liegt bei 37 aus 56
Antwortstatistiken
Bildquiz Antwort % Korrekt
Schottland
96%
England
91%
Isle of Man
91%
Weihnachtsinsel
91%
Curaçao
87%
Grönland
87%
Guam
87%
Hongkong
87%
Aruba
83%
Cookinseln
83%
Faröer Inseln
83%
Gibraltar
83%
Mayotte
83%
Taiwan
83%
Bermuda
78%
Macau
78%
Niue
78%
Palästina
78%
Puerto Rico
78%
Amerikanische Jungferninseln
74%
Amerikanisch Samoa
74%
Anguilla
74%
Britische Jungferninseln
74%
Falklandinseln
74%
Französisch Polynesien
74%
Guernsey
74%
Jersey
74%
Réunion
74%
Sint Maarten
74%
Montserrat
70%
Norfolkinsel
70%
Åland
65%
Kokosinseln
65%
Neukaledonien
65%
Nördliche Marianen
65%
St. Helena
65%
Guadeloupe
61%
Karibische Niederlande
61%
Pitcairninseln
57%
St. Pierre und Miquelon
57%
Tokelau
57%
Turks- und Caicosinseln
57%
Westsahara
57%
Britisches Territorium im indischen Ozean
43%
Kaimaninseln
43%
Martinique
43%
Tristan da Cunha
43%
Wallis und Futuna
43%
Französisch Guayana
39%
Ascension
35%
Südgeorgien und die südlichen Sandwichinseln
35%
Französische Süd- und Antarktisgebiete
30%
Kanarische Inseln
30%
St. Barthelemy
30%
Britisches Antarktisterritorium
22%
Sark
9%
Keine übereinstimmenden Quizze gefunden
Verteilung der Resultate
Anzahl Personen mit jedem Resultat
Perzentil nach korrekt beantworteten Fragen
Ihre Resultats-Entwicklung
Sie haben dieses Quiz noch nicht gespielt